200 artistes fr et internationaux a trouver grâce a leurs vrai noms - Statistiques

Statistiques générales
  • Ce quiz a été pris 83 fois
  • Le résultat moyen est 24 sur 200
Statistiques - réponses
Hint Réponse % Correct
adele adkins adele
62%
kendji maillé kendji girac
56%
amel bachir amel bent
51%
jean-philippe smet johnny hallyday
51%
claudio ruccolo claudio capeo
48%
matthieu tota m pokora
48%
aya danioko aya nakamura
46%
gandhi djuna gims
46%
nolwenn le magueresse nolwenn leroy
46%
alizee jacotey alizee
44%
daniel bevilacua christophe
44%
stefani germanotta lady gaga
44%
edith gassion edith piaf
43%
destiny cyrus miley cyrus
43%
M mathieu chedid
41%
marshall mathers eminem
38%
charlotte gonin vitaa
38%
robyn fenty rihanna
36%
lucien ginsburg serge gainsbourg
36%
yolanda gigliotti dalida
34%
laure pester lorie
34%
maurice benguigui patrick bruel
34%
christophe martichon christophe mae
33%
michel hamburger michel berger
33%
paul van haver stromae
33%
chantal de guerre chantal goya
31%
khaled ibrahim khaled
31%
said m'roumbaba soprano
31%
prince roger nelson prince
30%
isabelle geffroy zaz
30%
pierre garand garou
28%
melanie georgiades diam's
26%
samuel smith sam smith
26%
peter gene hernandez bruno mars
25%
Farrokh Bulsara freddy mercury
23%
katheryn elizabeth hudson katy perry
23%
cherifa babouche sheryfa luna
23%
fabien marsaud grand corps malade
21%
james hilier blount james blunt
21%
kevin bonnet keen'v
21%
annie chancel sheila
21%
tamara marthe shy'm
21%
tim bergling avicii
20%
montero hill lil nas x
20%
norma jeane mortenson marilyn monroe
20%
alexandre distel sacha distel
20%
valentin le du vald
20%
aubrey graham drake
18%
stacy ferguson fergie
18%
jamelia niela davis jamelia
18%
nadia zighem nâdiya
18%
abel tesfaye the weeknd
18%
robert zimmerman bob dylan
16%
onika tanya maraj nicki minaj
16%
zuper blahq will.i.am
16%
david robert jones david bowie
15%
jose alvaro osorio balvin j balvin
15%
laouni mouhid la fouine
15%
lara crokaert lara fabian
15%
moshe brandt mike brant
15%
park jae-sang psy
15%
renée jeanmaire zizi jeanmaire
15%
belcalis marlenis almanzar cardi b
13%
adila sedraia indila
13%
michael holbrook peniman mika
13%
henry olusegun adola samuel seal
13%
serge chauvier serge lama
13%
christophe le friant bob sinclar
11%
wouter otto levenbach dave
11%
andrew hozier-byrne hozier
11%
jessica ellen cornish jessie j
11%
mariano eusebio gonzalez y garcia luis mariano
11%
martijn garritsen martin garrix
11%
alecia moore pink
11%
bruno nicolini benabar
10%
robert nesta bob marley
10%
daniel cohen-biran dany brillant
10%
hervé forneri dick rivers
10%
eva garnier eva queen
10%
tramar lacel dillar flo rida
10%
giuseppe mustacchi georges moustaki
10%
jeanne galice jain
10%
marco muniz marc anthony
10%
marina dalmas marina kaye
10%
loanna mouschouri nana mouskouri
10%
julien bouadji tayc
10%
timothy mosley timbaland
10%
claude dhotel c.jerome
8%
amala dlamini doja cat
8%
elena alexandra apostoleanu inna
8%
freda josephine mcdonald josephine baker
8%
david lubega lou bega
8%
amanda ava koci ava max
7%
charles winston gleaves charlie winston
7%
curtis james jackson fifty cent
7%
francesco barracato frederic francois
7%
kenneth clark loggins kenny loggins
7%
thomas ldir sinik
7%
sonny moore skrillex
7%
thierry gesteau thierry hazard
7%
anna bullock tina turner
7%
alain le govic alain chamfort
5%
ali fitzgerald moore big ali
5%
adam richard wiles calvin harris
5%
charles berry chuck berry
5%
remi ranguin colonel reyel
5%
willia omar landron rivera don omar
5%
jamesseta hawkins etta james
5%
nivaldo batista lima gustavo lima
5%
nadia mladjao imany
5%
jessy kimbangi jessy matador
5%
khalid robinson khalid
5%
laure cohen koxie
5%
kyrre gorvell-dahll kygo
5%
emmanuel cabut mano solo
5%
nasir bin olu dara jones nas
5%
jean-désiré sosso dzabatou naza
5%
shaffer smith ne-yo
5%
medhi benjelloun petit biscuit
5%
roger jouret plastic bertrand
5%
maxence boitez ridsa
5%
gilles duartes stomy bugsy
5%
tijs verwest tïesto
5%
toni watson tones and i
5%
jean-christophe dorado vanupié
5%
jahseh dwayne ricardo onfroy xxxtentacion
5%
benjamin duterde ben l'oncle soul
3%
gaynor hopkins bonnie tyler
3%
karla estrabao camila cabello
3%
charlotte emma aitchison charlie xcx
3%
artis leon ivey coolio
3%
ladonna adrian gaines donna summer
3%
fanta swaray estelle
3%
wouter de backer gotye
3%
eric greff helmut fritz
3%
keidran jones iyaz
3%
sylvia garcia jena lee
3%
jonathan maman john mamann
3%
luis olivieira lucenzo
3%
benjamin haggerty macklemore
3%
maria isabel lopez rodriguez maria isabel
3%
maitena doumenach marie laforet
3%
kiari cephus offset
3%
stefan gordy redfoo
3%
rose podwojny rose laurens
3%
sandra caldarone sandra kim
3%
bachir baccour tunisiano
3%
alessandro lindblad alesso
2%
lodewijk fluttert bakermat
2%
benjamin earl nelson ben E.king
2%
paul williams billy paul
2%
ronald belfort scott bon scott
2%
cornelius nyungura corneile
2%
dino crocetti dean martin
2%
peter baumann dj bobo
2%
alban nwapa dr alban
2%
gerald gardrinier gerard de palmas
2%
ashley frangipane halsey
2%
lescott coombs kevin lyttle
2%
jacqueline enté line renaud
2%
laura pergolizzi lp
2%
brian hugh warner marilyn manson
2%
eunice waymon nina simone
2%
omar pasley omi
2%
juan rosado ozuna
2%
florian peppuy pep's
2%
rory graham rag'n'bone man
2%
henry smithson riton
2%
antoine teppardo robert tepper
2%
soufiene nouhi souf
2%
egbert nathaniel dawkins aloe blacc
0%
gabriel piotrowski bigga ranx
0%
mark anthony myrie buju banton
0%
hakeem seriki chamillionaire
0%
abdel-illa lamriq dj abdel
0%
edouard ruault eddie barclay
0%
samuel adebaiyi féfé
0%
gary anthony james webb gary numan
0%
joseph saddler grandmaster flash
0%
cyril celestin guizmo
0%
mardochee elkoubi guy mardel
0%
windel beneto edwards gyptian
0%
amethyst amelia kelly iggy azalea
0%
jake kennedy jake bugg
0%
kamaljit singh jhooti jay sean
0%
james chambers jimmy cliff
0%
guy james robin jonas blue
0%
alan duffy king africa
0%
keinan warsame k'naan
0%
otiyah morgan laza morgan
0%
leo lesage luv resval
0%
ricardo baliardo manitas de plata
0%
ibrahima m'bodji moussier tombola
0%
nathan john feuerstein nf
0%
nick rotteveel nicky romero
0%
julien ranouil pakito
0%
rachel keen raye
0%
kisean paul anderson sean kingston
0%
orville richard burrell shaggy
0%
ismael jole-menebhi tairo
0%
Aucun quiz correspondant
Distribution des résultats
% des personnes avec chaque résultat
Percentile par nombre de réponses
Votre historique - résultats
Vous n’avez pas pris ce quiz